000 00571nam a2200193Ia 4500
005 20260415160352.0
008 008 250505s9999 xx 000 0 eng d
037 _aTextual
040 _aFEDL
_beng
_cFEDL
041 _aeng
_2eng
084 _a155.5 LAN
_qFEDL
100 _aLandis Paul H.
_9138117
245 0 _aAdolescence and youth: The process of maturing
260 _aNew York, USA
_bMcGraw-Hill Book Company
_c1945
300 _axiii,470p
650 _aChild psychology
942 _cTEXL
_h155.5 LAN
999 _c1322179
_d1322179